Candy Slogans Quiz Stats

 Plays Quiz Updated Sep 15, 2014

Score 0/20 Timer 04:00
8 Plays Today
Slogan Candy % Correct
Taste the rainbowSkittles
96.9%
Gimme a breakKit-Kat
90.2%
Melts in your mouth, not in your handM&M's
88.3%
Hungry? Grab a [Candy]Snickers
86.5%
How many licks does it take to get to the center of...Tootsie Pop
79%
The Great American Chocolate BarHershey Bar
74.1%
Try both, and pick a sideTwix
64.1%
It's a juicy contradictionStarburst
58.9%
PerfectReese's Peanut Butter Cups
55.4%
Sometimes you feel like a nut. Sometimes you don’tMounds and Almond Joy
54.9%
Slogan Candy % Correct
Life's better the [Candy]Milky Way
49.2%
A lighter way to enjoy chocolate3 Musketeers
48.1%
The FreshmakerMentos
46.7%
Crispety, crunchety, peanut-butteryButterfinger
46.6%
That's Rich!100 Grand
28.3%
Get the sensationYork Peppermint Patty
28.3%
Makes mouths happyTwizzlers
24.8%
For the Kid in YouNestlé Crunch
22%
Do you eat the red ones last?Smarties
11.6%
It’s more than a mouthful...Whatchamacallit
8.8%

You're not logged in!

Compare scores with friends on all Sporcle quizzes.
OR
Log In

Sporcle TV

Today on Sporcle TV


Watch our educational content, quiz creation guides, and fun videos on Sporcle TV.

Show Comments

Extras

Top Quizzes Today


Score Distribution

Your Account Isn't Verified!

In order to create a playlist on Sporcle, you need to verify the email address you used during registration. Go to your Sporcle Settings to finish the process.

Report this User

Report this user for behavior that violates our Community Guidelines.

Details: